| 000 | 00458nam a2200145Ia 4500 | ||
|---|---|---|---|
| 005 | 20250704023332.0 | ||
| 008 | 240331s9999 xx 000 0 und d | ||
| 082 |
_bTHA _a954 |
||
| 100 | _aThapar, R | ||
| 245 | 0 |
_aCommunalism and the Historical Legacy : _bJathibedawadaya ha indeeya ithihasaya liweema |
|
| 260 |
_aColombo _bPeople's Publishing House _c1969 |
||
| 300 | _a57 p ., ( C 1) | ||
| 500 | _aCommunalism and the writing of Indian History | ||
| 942 | _cL | ||
| 999 |
_c5521 _d5521 |
||